01077cam a2200277 a 450000100070000000500170000700800410002401000170006502000260008202000220010805000200013011000370015024500600018726000700024730000410031749000450035850000200040361000480042365000470047165000470051865000470056565000470061265000410065970000220070081000770072294444020170206084921.0830917s1983 enka c f001 0 eng  a 83202045  a000217183X :c£10.95 a0002171821 (pbk.)00aND806 .G74 19832 aNational Gallery (Great Britain)10aSpanish and later Italian paintings /cMichael Helston. aLondon :bNational Gallery in association with W. Collins,c1983. a128 p. :bill. (some col.) ;c28 cm.1 aThe National Gallery schools of painting aIncludes index.20aNational Gallery (Great Britain)vCatalogs. 0aPainting, Spanishy17th centuryvCatalogs. 0aPainting, Spanishy18th centuryvCatalogs. 0aPainting, Italiany17th centuryvCatalogs. 0aPainting, Italiany18th centuryvCatalogs. 0aPaintingzEnglandzLondonvCatalogs.1 aHelston, Michael.2 aNational Gallery (Great Britain).tNational Gallery schools of painting.